Titres de chansons de Johnny Hallyday - Clic Quiz - Statistiques

Statistiques générales
  • Ce quiz a été pris 614 fois
  • Le résultat moyen est 19 sur 20
Statistiques - réponses
Hint Réponse % Correct
Allumer le Feu
99%
Sang pour Sang
98%
J'en parlerai au Diable
97%
La musique que J'aime
97%
Noir c'est Noir
97%
Je te Promets
97%
Que je T'aime
97%
J'ai oublié de Vivre
97%
Ma Gueule
96%
L'idole des Jeunes
96%
Vivre pour le Meilleur
96%
J'ai un Problème
96%
Retiens la Nuit
95%
Derrière L'amour
94%
Souvenirs Souvenirs
94%
Requiem pour un Fou
92%
Quelque chose de Tennessee
92%
Un jour Viendra
90%
Le chanteur Abandonné
89%
Le Pénitencier
83%
Aucun quiz correspondant
Distribution des résultats
% des personnes avec chaque résultat
Percentile par nombre de réponses
Votre historique - résultats
Vous n’avez pas pris ce quiz